La structure algébrique des théories mathématiques /

Guardado en:
Autor Principal: Henkin, Leon.
Formato: Libro
Idioma:French
Publicado: Paris : Gauthier-Villars, 1956.
Series:Collection de logique mathématique. Série A ; XI
Etiquetas: Agregar Etiqueta
Sin Etiquetas, Sea el primero en etiquetar este registro!
LEADER 00620nam a22001815a 4500
001 MAT.inmabb000325
008 031125s1956####fr############000#0#fre#d
005 20110225163500.0
245 1 3 |a La structure algébrique des théories mathématiques /  |c par L. Henkin. 
260 |a Paris :  |b Gauthier-Villars,  |c 1956. 
300 |a 52 p. ;  |c 25 cm. 
440 0 |a Collection de logique mathématique.  |p Série A ;  |v XI 
510 4 |a MR,  |c 18,272d 
100 1 |a Henkin, Leon. 
084 |a 03Gxx (03G05 03G15 06Exx)  |2 msc2000 
010 |a  57000491  
859 |h 03  |i H513  |p A-64  |b BIB. MATEMATICA 
859 |h 03  |i H513  |p A-1972  |t Ej. 2  |b BIB. MATEMATICA